<?xml version="1.0" encoding="UTF-8"?>
<record
    xmlns:xsi="http://www.w3.org/2001/XMLSchema-instance"
    xsi:schemaLocation="http://www.loc.gov/MARC21/slim http://www.loc.gov/standards/marcxml/schema/MARC21slim.xsd"
    xmlns="http://www.loc.gov/MARC21/slim">

  <leader>00590nam a2200133Ia 4500</leader>
  <controlfield tag="008">100328s9999    xx            000 0 und d</controlfield>
  <datafield tag="082" ind1=" " ind2=" ">
    <subfield code="b">68128</subfield>
  </datafield>
  <datafield tag="100" ind1=" " ind2=" ">
    <subfield code="a">&#x92A;&#x920;&#x93E;&#x923; &#x92F;&#x942;.&#x92E;.</subfield>
  </datafield>
  <datafield tag="245" ind1=" " ind2=" ">
    <subfield code="a">&#x92E;&#x927;&#x94D;&#x92F;&#x92F;&#x941;&#x917;&#x940;&#x928; &#x92E;&#x930;&#x93E;&#x920;&#x940; &#x938;&#x902;&#x924;&#x938;&#x93E;&#x939;&#x93F;&#x924;&#x94D;&#x92F; : &#x915;&#x93E;&#x939;&#x940; &#x906;&#x92F;&#x93E;&#x92E;.</subfield>
  </datafield>
  <datafield tag="260" ind1=" " ind2=" ">
    <subfield code="b">&#x938;&#x94D;&#x935;&#x930;&#x941;&#x92A;.</subfield>
  </datafield>
  <datafield tag="630" ind1=" " ind2=" ">
    <subfield code="a">&#x92E;&#x927;&#x94D;&#x92F;&#x92F;&#x941;&#x917;&#x940;&#x928; &#x92E;&#x930;&#x93E;&#x920;&#x940; &#x938;&#x902;&#x924;&#x938;&#x93E;&#x939;&#x93F;&#x924;&#x94D;&#x92F; : &#x915;&#x93E;&#x939;&#x940; &#x906;&#x92F;&#x93E;&#x92E;.</subfield>
  </datafield>
  <datafield tag="730" ind1=" " ind2=" ">
    <subfield code="a">&#x92E;&#x927;&#x94D;&#x92F;&#x92F;&#x941;&#x917;&#x940;&#x928; &#x92E;&#x930;&#x93E;&#x920;&#x940; &#x938;&#x902;&#x924;&#x938;&#x93E;&#x939;&#x93F;&#x924;&#x94D;&#x92F; : &#x915;&#x93E;&#x939;&#x940; &#x906;&#x92F;&#x93E;&#x92E;.</subfield>
  </datafield>
  <datafield tag="942" ind1=" " ind2=" ">
    <subfield code="c">BOOK</subfield>
  </datafield>
  <datafield tag="999" ind1=" " ind2=" ">
    <subfield code="c">553867</subfield>
    <subfield code="d">553864</subfield>
  </datafield>
  <datafield tag="952" ind1=" " ind2=" ">
    <subfield code="0">0</subfield>
    <subfield code="1">0</subfield>
    <subfield code="4">0</subfield>
    <subfield code="7">0</subfield>
    <subfield code="a">RNV</subfield>
    <subfield code="b">RNV</subfield>
    <subfield code="d">2010-03-28</subfield>
    <subfield code="l">0</subfield>
    <subfield code="p">RNV-68128</subfield>
    <subfield code="r">2010-03-28 00:00:00</subfield>
    <subfield code="w">2010-03-28</subfield>
    <subfield code="y">BOOK</subfield>
  </datafield>
</record>
